000
00328nam a22001337a 4500
003
OSt
008
201120b ||||| |||| 00| 0 eng d
100
_a
LAFORE, Robert
245
_a
Object Oriented Programming in C++
260
_a
New Delhi
_b
Pearson
_c
2020
300
_a
1012
650
_a
B.Sc Computer Science
942
_2
ddc
_c
BK
999
_c
9315
_d
9315